000 00502nam a22001697a 4500
005 20231205142625.0
008 231205b |||||||| |||| 00| 0 eng d
020 _a0702137073
041 _aEnglish
082 _a348 JUT
100 _lEnglish
245 _aJuta's Statutes of South Africa /
_cJUTA'S STATUTES EDITOR
260 _aCape Town :
_bJuta and Company Ltd,
_c1995
300 _b78 pages ;
_c25,5 cm.
650 _aLegal practice
_bLaw
942 _cBK
_6ALISON_BN_VRIES
999 _c1132
_d1132